Poder y progreso : nuestra lucha milenaria por la tecnología y la prosperidad /

En el contexto actual en donde la discusión está centrada en la automatización, en el análisis del big data, en la inteligencia artificial y en la vigilancia desmedida, se plantea que el desarrollo tecnológico debería plantearse como una forma de democratización y de resolver problemas sociales, en...

Celý popis

Uloženo v:
Podrobná bibliografie
Hlavní autor: Acemoğlu, Daron (autor)
Další autoři: Johnson, Simon (autor) (autor)
Médium: Kniha
Jazyk:španělština
Vydáno: México : Crítica, 2024, c2024
Témata:
Tagy: Přidat tag
Žádné tagy, Buďte první, kdo vytvoří štítek k tomuto záznamu!

MARC

LEADER 00000nam^a2200000^a^4500
001 000591991
005 20250521000000.0
009 20260310132938.738
020 |a 978-607-569-765-9 
037 |a Acervo ITESO - Biblioteca 
041 |a ESP 
082 |a 338. 927  |b ACE 
100 |a Acemoğlu, Daron  |e (autor) 
240 1 1 |a [Poder y progreso] 
245 1 0 |a Poder y progreso :  |b nuestra lucha milenaria por la tecnología y la prosperidad /  |c D. Acemoğlu, S. Johnson ; tr. por Alexandre Casanovas. 
264 4 |a México :  |b Crítica,  |c 2024, c2024 
300 |a 550 p., [16 p. de láminas] 
336 |a texto  |b txt  |2 rdacontenido 
337 |a sin mediación  |b n  |2 rdamedio 
338 |a volumen  |b nc  |2 rdasoporte 
500 |a Traducción de: Power and Progress: Our Thousand-Year Struggle over Technology and Prosperity 
520 |a En el contexto actual en donde la discusión está centrada en la automatización, en el análisis del big data, en la inteligencia artificial y en la vigilancia desmedida, se plantea que el desarrollo tecnológico debería plantearse como una forma de democratización y de resolver problemas sociales, en lugar de servir a la acumulación de poder y riqueza. Se hace una revisión de los momentos en que se desataron grandes cambios tecnológicos a nombre del progreso, y cómo las clases trabajadoras se organizaron para que la industrialización favoreciera sus condiciones laborales. 
521 |a FIL 2024 DIA 
586 |a Premio Nobel de Economía 2024, ex aequo 
649 |a XX 
650 |a Obreros -  |x Condiciones Laborales 
650 |a Movimientos Obreros 
650 |a Big Data 
650 |a Automatización 
650 |a Inteligencia Artificial 
650 |a Trabajo -  |x Aspectos Tecnológicos 
650 |a Bien Común 
650 |a Igualdad y Desigualdad 
650 |a Democracia 
650 |a Proceso de Producción 
650 |a Producción Económica 
650 |a Revolución Industrial -  |x Historia 
650 |a Desarrollo Tecnológico -  |x Tema Principal 
650 |a Desarrollo Económico-Social -  |x Tema Principal 
650 |a Tecnología y Sociedad 
650 |a Ciencia y Desarrollo 
650 |a Política Industrial 
650 |a Política Científica y Tecnológica 
650 |a Política Económica 
650 |a Sociología de la Economía 
650 |a Economía Política 
650 |a Economía 
700 |a Johnson, Simon  |e (autor) 
910 |a Fondo General 
920 |a Impresos - Libros 
930 |a Colección General 
905 |a 101 
901 |a 592342-10  |b IT1  |c ACC  |i C187984  |u 20250521 
902 |a https://opac.biblio.iteso.mx/vufind/Record/000591991